Freud's woman

Zapisane w:
Opis bibliograficzny
1. autor: Appignanesi, Lisa
Format: Książka
Język:Undetermined
Wydane: England Penguin books 2000
Hasła przedmiotowe:
Etykiety: Dodaj etykietę
Nie ma etykietki, Dołącz pierwszą etykiete!
Thư viện lưu trữ: Trung tâm Học liệu Trường Đại học Cần Thơ
LEADER 00525nam a2200181Ia 4500
001 CTU_121768
008 210402s9999 xx 000 0 und d
082 |a 150.1952 
082 |b L769 
100 |a Appignanesi, Lisa 
245 0 |a Freud's woman 
260 |a England 
260 |b Penguin books 
260 |c 2000 
650 |a Freud, Sigmund, 1856-1939,Women and psychoanalysis,Women psychoanalysts 
650 |x Relations with women,History 
904 |i Giang 
980 |a Trung tâm Học liệu Trường Đại học Cần Thơ